Produced Cereals (Grains) Quiz Stats

 Plays Quiz Updated Mar 30, 2020

     
Support Sporcle.
Go Orange.
Score 0/10 Timer 03:00
0 Plays Today
2014 Production (Tonnes) Cereal % Correct
729,012,175Wheat
97.4%
1,037,791,518Maize (Corn)
89.1%
741,477,711Rice
74.7%
144,489,996Barley
69%
22,721,702Oats
64.7%
15,242,551Rye
37.2%
68,938,587Sorghum
14.8%
28,384,668Millet
14.5%
16,953,565Triticale
4.2%
1,924,082Buckwheat
3.5%

From the Vault

'N' TV Shows by Picture

by livicj5

How many of your favorite shows will 'N' up in here?
Remove Ads.
Support Sporcle.
Get the best of Sporcle when you Go Orange. This ad-free experience offers more features, more stats, and more fun while also helping to support Sporcle. Thank you for becoming a member.

Show Comments

Extras

Top Quizzes Today


Score Distribution

Your Account Isn't Verified!

In order to create a playlist on Sporcle, you need to verify the email address you used during registration. Go to your Sporcle Settings to finish the process.

Report this User

Report this user for behavior that violates our Community Guidelines.

Details: